000 00696nam a2200193 i 4500
001 73924
003 ES-MaACL
005 20250814220926.0
007 t|
008 040913s1901 sp ||||1| spa d
245 0 0 _aProyecto de Ley Municipal /
_c[de Alfonso González].
260 _a[S.l. :
_bs.n.,
_c1901]
300 _a[46 p.] ;
_c33 cm.
594 _aEl autor en anotación manuscrita en la portada y es el ministro que de Gobernación que firma el proyecto.
650 0 4 _aAdministración municipal-
_zEspaña-
_vLegislación
_99644
700 1 _aGonzález y Lozano, Alfonso,
_d1856-1912
_958273
852 _aES-MaACL
_jT-991-F-6
_z.- Dont. del Senado
999 _c73924
_d73924